Derecho privado de Internet (Registro nro. 165899)

Detalles MARC
000 -ENCABEZADO
Número de control [NR] 00831nam a22002297a 4500
008 - DE LONGITUD FIJA DE DATOS DE ELEMENTOS - INFORMACIÓN GENERAL
Elementos de longitud fija [NR] 130319s2011 sp frn 000 0 spa
020 ## - NUMERO INTERNACIONAL NORMALIZADO PARA LIBROS [R]
Número Internacional Normalizado del libro [NR] 9788447035878
040 ## - FUENTE DE CATALOGACION [NR]
Agencia de catalogación original [NR] CO-BoUCM
Idioma de catalogación [NR] spa
Quien Cataloga
Quien Clasifica Aldemar Mondragón
041 00 - CODIGO DE IDIOMA [R]
Código de idioma para texto/pista de sonido o título separado [R] Español
100 1# - ASIENTO PRINCIPAL--NOMBRE PERSONAL [NR]
Nombre personal [NR] Miguel Asensio, Pedro Alberto de
ID Autoridad 33055
245 10 - MENCION DE TITULO [NR]
Título [NR] Derecho privado de Internet
Mención de responsabilidad, etc. [NR] Pedro Alberto de Miguel Asensio
250 ## - MENCION DE EDICION [NR]
Mención de edición [NR] 4a ed
260 ## - PUBLICACION, DISTRIBUCION, ETC. (PIE DE IMPRENTA) [R]
Lugar de publicación, distribución, etc. [R] Madrid
Nombre del editor, distribuidor, etc. [R] Civitas
Fecha de publicación, distribución, etc. [R] 2011
300 ## - DESCRIPCION FISICA [R]
Extensión [R] 1068 páginas
504 ## - NOTA DE BIBLIOGRAFIA, ETC. [R]
Nota de bibliografía, etc. [NR] Incluye referencias bibliográficas
650 #7 - ASIENTO SECUNDARIO DE MATERIA - TERMINO TEMATICO [R]
Término temático o nombre geográfico como elemento de entrada [NR] Comercio electrónico
Subdivisión general [R] Legislación
9 (RLIN) 32728
650 #7 - ASIENTO SECUNDARIO DE MATERIA - TERMINO TEMATICO [R]
Término temático o nombre geográfico como elemento de entrada [NR] Documentos electrónicos
Subdivisión general [R] Legislación
9 (RLIN) 34720
650 #7 - ASIENTO SECUNDARIO DE MATERIA - TERMINO TEMATICO [R]
Término temático o nombre geográfico como elemento de entrada [NR] Internet (Red de computadores)
Subdivisión general [R] Legislación
9 (RLIN) 32725
690 ## - ASUNTO AGREGADO LOCAL DE ENTRADA - TÉRMINO TEMÁTICO (OCLC, RLIN)
Acceso temático local Derecho comercial
942 ## - ELEMENTOS DE ENTRADA AGREGADOS (KOHA)
Tipo de ítem principal el descrito en 300a Libro
Tema principal
Edición 4
Parte restante de la signatura top. M636d
Sistema de clasificación DEWEY
Clasificación 343.099
Existencias
Fecha de último préstamo Total préstamos Total Renewals Signatura topográfica Código de barras Última vez visto Volúmen / Fascículo Ejemplar Price effective from Tipo de ítem Perdido Sistema de clasificación Dañado No prestable Tipo de ítem específico Suprimido Ubicación habitual Ubicación actual Localización Fecha de creación Forma de adquisición Costo
27/04/2026 6 10 343.099 M636d 100130684 02/07/2026 4a.Ed. Ej.1 18/03/2013 Libro   DEWEY     Libro   Claustro Claustro 3er piso 14/03/2013 Compra 463133.00